Lisa - Born Again (with Doja Cat & Raye) (Lyrics) - Statistics

General Stats
  • This quiz has been taken 27 times
  • The average score is 323 of 491
Answer Stats
Lyrics % Correct
a
100%
A
100%
be
100%
I
100%
If
100%
just
100%
to
100%
To
100%
you
100%
you,
100%
You
100%
again,
95%
again
95%
born
95%
born,
95%
ever
95%
believer
91%
it
91%
it's
91%
like
91%
night
91%
single
91%
what
91%
Every
86%
the
86%
would
86%
go
82%
little
82%
Little
82%
mad
82%
more
82%
showed
82%
tried
82%
baby,
77%
Baby,
77%
made
77%
times
77%
do
73%
Do
73%
I'm
73%
In
73%
in
73%
so
73%
light
68%
on,
68%
on
68%
would've
68%
Would've
68%
could
64%
few
64%
he
64%
my
64%
your
64%
bit
59%
but
59%
But
59%
car,
59%
make
59%
another
55%
Jesus
55%
me
55%
me,
55%
not
55%
of
55%
One
55%
one
55%
pray
55%
stayed
55%
Stayed
55%
that?"
55%
that
55%
as
50%
could've
50%
ex
50%
her
50%
man,
50%
nights
50%
And
45%
and
45%
back
45%
cinnamon
45%
for
45%
get
45%
"Look
45%
miss
45%
mother
45%
'cause
41%
down,
41%
Down,
41%
fool
41%
heartbreak
41%
leave
41%
Nice
41%
oh,
41%
pass
41%
passenger
41%
shades
41%
Tell
41%
tell
41%
that's
41%
too
41%
Too
41%
when
41%
with
41%
ask
36%
boy,
36%
Boy,
36%
broke
36%
can't
36%
from
36%
give
36%
gonna
36%
had
36%
him
36%
"How
36%
how
36%
mom,
36%
please
36%
seat
36%
strong
36%
top
36%
uh
36%
vroom
36%
words
36%
ya
36%
about
32%
after
32%
at
32%
bad
32%
carry
32%
dash
32%
gospel
32%
Got
32%
I'ma
32%
job
32%
Keepin'
32%
let
32%
lookin'
32%
now?
32%
now
32%
rude
32%
save
32%
soul
32%
then
32%
up
32%
all
27%
black
27%
cold
27%
foot
27%
fruit
27%
hard
27%
Ice
27%
lies
27%
long
27%
many
27%
mm
27%
Non-believer
27%
out
27%
receipts,
27%
receipts
27%
sugar
27%
synonym
27%
way
27%
wrong,
27%
wrong
27%
bitten
23%
Choosin'
23%
comedy
23%
fiasco
23%
hope
23%
learned
23%
religion
23%
rid
23%
Seasoned
23%
vitamin
23%
You've
23%
Don't
18%
forever
18%
game
18%
gettin'
18%
happily
18%
hold"
18%
live
18%
'lone,
18%
minimum
18%
need
18%
only
18%
shit
18%
tags
18%
take
18%
They
18%
businesswoman
14%
diligent,
14%
even
14%
feelin'
14%
find
14%
heard
14%
laugh,
14%
lettin'
14%
lil'
14%
played
14%
popped
14%
seem
14%
shoppin'
14%
somethin'
14%
spree
14%
tryna
14%
ain'
9%
crashed
9%
deficient
9%
Said,
9%
wake
9%
Wish
9%
Or
5%
donw
0%
start
0%
No matching quizzes found
Score Distribution
Percent of People with Each Score
Percentile by Number Answered
Your Score History
You have not taken this quiz